000 00967nam0a22002771 4500
001 rc\2564078
005 20250623105903.0
035 _a(NLR Aleph) 006728942
090 _a5523188
_c5523188
100 _a20110914d1927 |||y0rusy50 ca
101 0 _arus
102 _aRU
105 _aa z |||||
200 1 _aБаскетбол
_eС 17 рис. и 9 диагр.
_fМ. Д. Ромм, С. В. Сысоев
205 _a2-е изд., перераб. и испр.
210 _aМосква
_aЛенинград
_cГос. изд-во. Отд. воен. литературы
_d1927
_e[Ленинград]
_gЦентр. тип. Наркомвоенмора
215 _a112 с.
_cил., схем.
_d18х11 см.
225 1 _aСССР
700 1 _aРомм
_bМ.Д.
_gМихаил Давидович
701 1 _aСысоев
_bС.В.
801 0 _aRU
_bNLR
_gpsbo
801 1 _aRU
_bELAR
_2rusmarc
852 _aNLR
_j72/514
942 _cBOOK
980 _aNB